И дольше века длится день: роман

Dades bibliogràfiques
Autor principal: Айтматов Ч. Т. Чингиз Торекулович
Idioma:rus
Publicat: Фрунзе, Кыргызстан, 1981
Matèries:
Format: Llibre
KOHA link:https://koha.lib.tpu.ru/cgi-bin/koha/opac-detail.pl?biblionumber=81759

MARC

LEADER 00000nam0a2200000 4500
001 81759
005 20231101213205.0
020 |a RU  |b 81-17035 
035 |a (RuTPU)RU\TPU\book\87869 
090 |a 81759 
100 |a 20050923d1981 m y0rusy5003 ca 
101 0 |a rus 
102 |a kg 
105 |a y z 000ay 
200 1 |a И дольше века длится день  |e роман  |f Ч. Т. Айтматов 
210 |a Фрунзе  |c Кыргызстан  |d 1981 
215 |a 293 с.  |c портр.  |d 20 см. 
314 |a В вып. дан. авт.: Айтматов Чингиз Торекулович 
606 1 |a Киргизская литература  |2 stltpush  |3 (RuTPU)RU\TPU\subj\14393  |9 40792 
610 1 |a романы 
675 |a 894.341  |v 3 
700 1 |a Айтматов  |b Ч. Т.  |c народный писатель Киргизии  |f 1928-  |g Чингиз Торекулович  |2 stltpush  |3 (RuTPU)RU\TPU\pers\8083  |9 1573 
801 0 |a RU  |b RuMRKP  |c 19950704  |g psbo 
801 1 |a RU  |b 63413507  |c 20050923  |g PSBO 
801 2 |a RU  |b 63413507  |c 20200518  |g PSBO 
942 |c BK